| 000 | 00512nam a2200181Ia 4500 | ||
|---|---|---|---|
| 005 | 20250508152146.0 | ||
| 008 | 008 250505s9999 xx 000 0 eng d | ||
| 037 | _aTextual | ||
| 040 |
_aFEDL _beng _cFEDL |
||
| 041 |
_aeng _2eng |
||
| 084 |
_a372.891, HIL _qFEDL |
||
| 100 |
_aHillyer V M _9760915 |
||
| 245 | 0 | _aChild's geography of the world | |
| 260 |
_aNew York, USA _bAppleton-Century-Crofts _c1951 |
||
| 300 | _axix,451p. | ||
| 942 |
_cTEXL _h372.891, HIL |
||
| 999 |
_c1334654 _d1334654 |
||